Mavi Işıklar - Ankara Rüzgarı Şarkı Sözleri - Statistics

General Stats
  • This quiz has been taken 41 times
  • The average score is 30 of 54
Answer Stats
Şarkı Sözü % Correct
Ankara
97%
Ankara
97%
Ankara
97%
Kalbini
85%
Kalbini
85%
Söyledi
82%
Rüzgarına
73%
Her
70%
Her
70%
Ağladı
67%
Bağladı
67%
Ben
67%
Kızlarına
67%
Şarkımızı
67%
Dalgalı
64%
Gören
64%
Saçlarına
64%
Bahar
61%
Boş
61%
Aşkımı
58%
Bağlama
58%
Dudağın
58%
Küçük
58%
Yere
58%
Ağlama
55%
İndi
55%
Olmadı
55%
Pembe
55%
Sisli
55%
Söyledim
55%
Yamaçlarına
55%
Benim
52%
Kaldı
52%
Hevesim
45%
Kalbe
45%
Önce
45%
Ümit
45%
Aldatacak
42%
Biraz
42%
Gelmeyecek
42%
Gülecek
42%
Katacak
42%
Yarına
42%
Ne
36%
Seni
36%
Söz
36%
Verecek
36%
Hep
33%
Sesin
33%
Gönül
30%
İçli
30%
Açtı
27%
Kadar
27%
Yasını
24%
No matching quizzes found
Score Distribution
Percent of People with Each Score
Percentile by Number Answered
Your Score History
You have not taken this quiz